Statistics for Top 10 Danish PL scorers

Click here to take the quiz!

General Stats

  • This quiz has been taken 20 times
  • The average score is 3 of 10

Answer Stats

HintAnswer% Correct
31Eriksen
81%
32Bendtner
69%
9Agger
50%
20Jensen
25%
22Pedersen
13%
11Gravesen
13%
9Lovenkrands
13%
12Nielsen
6%
12Beck
0%
8Frandsen
0%

Score Distribution

Percentile by Number Answered

Percent of People with Each Score

Your Score History

You have not taken this quiz